व्यंग्यात्मक उपन्यास तथा रागदरबारी / (Record no. 112468)

MARC details
000 -LEADER
fixed length control field 01196nam a22002657a 4500
005 - DATE AND TIME OF LATEST TRANSACTION
control field 20170124102939.0
010 ## - LIBRARY OF CONGRESS CONTROL NUMBER
LC control number A-456499
020 ## - INTERNATIONAL STANDARD BOOK NUMBER
Terms of availability 150.00
035 ## - SYSTEM CONTROL NUMBER
System control number A-456499
037 ## - SOURCE OF ACQUISITION
Source of stock number/acquisition Cen Lib/Ret
040 ## - CATALOGING SOURCE
Original cataloging agency DPL
Language of cataloging HN
082 ## - DEWEY DECIMAL CLASSIFICATION NUMBER
Classification number 823.08
Item number कल्लान
100 ## - MAIN ENTRY--PERSONAL NAME
Personal name कल्लान ,नन्दलाल
9 (RLIN) 47713
245 ## - TITLE STATEMENT
Title व्यंग्यात्मक उपन्यास तथा रागदरबारी /
Statement of responsibility, etc नन्दलाल कल्ला
246 ## - VARYING FORM OF TITLE
Title proper/short title Vyangatmak upanyas tatha ragdarbari
Remainder of title by Nandlal Kalla
260 ## - PUBLICATION, DISTRIBUTION, ETC. (IMPRINT)
Place of publication, distribution, etc जोधपुर
Name of publisher, distributor, etc अमित प्रकाशन
Date of publication, distribution, etc 1990
270 ## - ADDRESS
Address कबूतरों का चौक
City जोधपुर
Postal code 342001
300 ## - PHYSICAL DESCRIPTION
Extent 295पृष्ठ.
Dimensions 20सेमी (सजिल्द)
500 ## - GENERAL NOTE
General note सहायक ग्रन्थ सूची शामिल
650 ## - SUBJECT ADDED ENTRY--TOPICAL TERM
Topical term or geographic name as entry element हिंदी साहित्य
9 (RLIN) 47714
650 ## - SUBJECT ADDED ENTRY--TOPICAL TERM
Topical term or geographic name as entry element कथा साहित्य में व्यंग -विकास
9 (RLIN) 47715
650 ## - SUBJECT ADDED ENTRY--TOPICAL TERM
Topical term or geographic name as entry element hindi literature
9 (RLIN) 47716
650 ## - SUBJECT ADDED ENTRY--TOPICAL TERM
Topical term or geographic name as entry element Satire evolution in fiction
9 (RLIN) 47717
942 ## - ADDED ENTRY ELEMENTS (KOHA)
Source of classification or shelving scheme Dewey Decimal Classification
Koha item type Hindi Books
Classification part 823.08
Call number suffix कल्लान
Holdings
Withdrawn status Lost status Damaged status Not for loan Home library Current library Date acquired Source of acquisition Cost, normal purchase price Total Checkouts Full call number Barcode Date last seen Copy number Cost, replacement price Price effective from Koha item type
        Central Library Central Library 08/08/2015 Cen Lib/Ret 150.00   823.08 कल्लान A-456499 08/08/2015 1 150.00 08/08/2015 Hindi Books

© Delhi Public Library
Hit Counter
free hit counter